000 00289nam a22001337a 4500
008 181023b xxu||||| |||| 00| 0 eng d
020 _a9780205758463
041 _aeng
080 _a371
100 _a46
101 _aEDU
245 _aEnvision in Depth
_cAlfano, Ch.L
942 _2udc
_cBK
999 _c50619
_d50619